Assessing the Impact of Exchange Rates on International Trade in the Manufacturing Sector of CEE Countries: A Specific Focus on SMEs

Cieľom príspevku je analyzovať vplyv výmenných kurzov na medzinárodný obchod vo výrobnom sektore vo vybraných krajinách strednej a východnej Európy. Na dosiahnutie výsledokov sa využívajú ekonometrické techniky, umožňujúce posúdiť makro a mikroúrovňové perspektívy týkajúce sa vzájomného vzťahu medzi...

Description complète

Enregistré dans:
Détails bibliographiques
Auteur principal: Šimáková, Jana
Autres auteurs: Prazak, Tomas
Format: Chapitre de livre
Langue:anglais
Sujets:
Tags: Ajouter un tag
Pas de tags, Soyez le premier à ajouter un tag!

MARC

LEADER 00000naa a2200000 4500
001 0304734
005 20241023090446.1
041 0 |a eng 
044 |a CZ 
245 1 0 |a Assessing the Impact of Exchange Rates on International Trade in the Manufacturing Sector of CEE Countries: A Specific Focus on SMEs  |c Jana Šimáková, Tomas Prazak 
520 |a Cieľom príspevku je analyzovať vplyv výmenných kurzov na medzinárodný obchod vo výrobnom sektore vo vybraných krajinách strednej a východnej Európy. Na dosiahnutie výsledokov sa využívajú ekonometrické techniky, umožňujúce posúdiť makro a mikroúrovňové perspektívy týkajúce sa vzájomného vzťahu medzi zahraničnými výmennými kurzami a medzinárodným obchodom. 
610 2 0 |a kurz výmenný 
610 2 0 |a obchod medzinárodný 
610 2 0 |a výroba 
610 2 0 |a SVE 
610 2 0 |a výkonnosť podniku 
610 2 0 |a podnik malý 
610 2 0 |a podnik stredný 
100 1 |a Šimáková, Jana 
700 1 |a Prazak, Tomas